| 000 | 00615nam a2200205 i 4500 | ||
|---|---|---|---|
| 001 | 37456 | ||
| 003 | ES-MaACL | ||
| 005 | 20230911063135.0 | ||
| 007 | t| | ||
| 008 | 030221m19361940sp ||||1| spa d | ||
| 100 | 1 |
_aBuen y Lozano, Demófilo de, _d1890-1946 _932358 |
|
| 245 | 1 | 0 |
_aDerecho común civil y foral / _cDemófilo de Buen. |
| 250 | _a3ª ed. | ||
| 260 |
_aMadrid : _bReus, _c1936-40. |
||
| 300 |
_a2 v. ; _c23 cm. |
||
| 500 | _aEl vol. 2º por Francisco Bonet Ramón. | ||
| 700 | 1 |
_aBonet Ramón, Francisco. _930135 |
|
| 852 |
_aES-MaACL _jB-10201-204 _bR.18984 |
||
| 999 |
_c37456 _d37456 |
||